000 nam a22 a 4500
999 _c2215
_d2215
003 AKMAL
005 20170515154820.0
008 170515s2010 my | e l 000 0 may d
040 _aAKMAL
082 0 4 _a343.5950855 MAL
_222
090 0 0 _a343.5950855
_bMAL
110 1 _aMalaysia
_9400
245 1 0 _aAkta Perdagangan Strategik 2010 =
_bStrategic Trade Act 2010 : all amendments up to January, 2011
246 3 1 _aStrategic Trade Act 2010
260 _aKuala Lumpur :
_bPercetakan Nasional Berhad,
_c2010.
300 _avi, 47ms. ;
_c25 cm.
490 1 _aUndang-undang Malaysia
500 _aTeks sejajar dalam bahasa Malaysia dan Inggeris
650 1 0 _aTrade regulation
_zMalaysia
_92454
650 2 0 _aBusiness law
_zMalaysia
_93800
830 0 _aUNDANG-UNDANG MALAYSIA
_94662
942 _2ddc
_cBOOK
950 _lAKMAL